Qui sont ces Personnages Historiques ? (P.3) - Statistiques

Statistiques générales
  • Ce quiz a été pris 2 676 fois
    2 664 depuis la dernière actualisation
  • Le résultat moyen est 8 sur 16
Statistiques - réponses
Par images Réponse % Correct
Vincent Van Gogh
95%
Louis de Funès
92%
Ernesto Che Guevara
89%
Édith Piaf
70%
Léonard de Vinci
69%
Grigori Raspoutine
68%
Socrate
62%
Franklin Roosevelt
55%
Joséphine Baker
50%
Jean Paul II
49%
Francisco Franco
45%
Marquis de La Fayette (Gilbert du Motier)
41%
Jules Ferry
19%
Simón Bolívar
15%
Philippe II Auguste
14%
Pierre Laval
13%
Aucun quiz correspondant
Distribution des résultats
% des personnes avec chaque résultat
Percentile par nombre de réponses
Votre historique - résultats
Vous n’avez pas pris ce quiz depuis la dernière actualisation